[Event "NOR-ch Class5"]
[Site "Lillehammer"]
[Date "2013.06.29"]
[Round "2"]
[White "Smedtorp, Klaus"]
[Black "Johansen, Paul Ivar"]
[Result "1/2-1/2"]
[WhiteElo "991"]
[BlackElo "813"]
[PlyCount "85"]
[EventDate "2013.06.29"]
[EventType "swiss"]
[EventRounds "9"]
[EventCountry "NOR"]
[SourceTitle "EXT 2017"]
[Source "ChessBase"]
[SourceDate "2016.10.25"]
[SourceVersion "1"]
[SourceVersionDate "2016.10.25"]
[SourceQuality "1"]

1. Nf3 d5 2. g3 Nc6 3. c3 Nf6 4. Bg2 e6 5. 0-0 Be7 6. d3 0-0 7. Bf4 Bd6 8. e3 Bxf4 9. exf4 Re8 10. Re1 b6 11. Nbd2 a5 12. Ne5 Ne7 13. Qa4 Qd6 14. c4 Rb8 15. Qc2 d4 16. Ne4 Nxe4 17. Rxe4 Bb7 18. Re2 Bxg2 19. Kxg2 c5 20. Rae1 Nc6 21. a3 Nxe5 22. fxe5 Qc6+ 23. f3 h5 24. Qd2 Kh7 25. Qg5 g6 26. Qf6 Qb7 27. h4 Qe7 28. Qf4 Qf8 29. Qe4 Qg7 30. f4 Rg8 31. Kh3 Rbf8 32. b4 Rb8 33. b5 Rbf8 34. Rg1 Kh8 35. g4 Qh7 36. g5 Rg7 37. Qc6 Rb8 38. Qd6 Qg8 39. Qe7 f5 40. exf6 Rxe7 41. fxe7 Re8 42. f5 Rxe7 43. f6 1/2-1/2

[Event "NOR-ch Class5"]
[Site "Lillehammer"]
[Date "2013.06.29"]
[Round "8"]
[White "Smedtorp, Klaus"]
[Black "Lien, Johan"]
[Result "0-1"]
[WhiteElo "991"]
[BlackElo "876"]
[PlyCount "34"]
[EventDate "2013.06.29"]
[EventType "swiss"]
[EventRounds "9"]
[EventCountry "NOR"]
[SourceTitle "EXT 2017"]
[Source "ChessBase"]
[SourceDate "2016.10.25"]
[SourceVersion "1"]
[SourceVersionDate "2016.10.25"]
[SourceQuality "1"]

1. Nf3 Nc6 2. c3 d5 3. d4 e5 4. e4 exd4 5. exd5 Qxd5 6. Qe2+ Be6 7. cxd4 Nxd4 8. Nxd4 Qxd4 9. Be3 Bb4+ 10. Nc3 Bxc3+ 11. Bd2 Bxd2+ 12. Qxd2 Qxd2+ 13. Kxd2 0-0-0+ 14. Kc3 Nf6 15. Bd3 Nd5+ 16. Kd2 Nf4 17. Ke3 Nxd3 0-1

[Event "NOR-chB"]
[Site "Moss"]
[Date "2006.07.08"]
[Round "1"]
[White "Olsen, Svein"]
[Black "Smedtorp, Klaus"]
[Result "1-0"]
[WhiteElo "1485"]
[BlackElo "1196"]
[PlyCount "73"]
[EventDate "2006.07.08"]
[EventType "swiss"]
[EventRounds "9"]
[EventCountry "NOR"]
[SourceTitle "EXT 2007"]
[Source "ChessBase"]
[SourceDate "2006.11.23"]
[SourceVersion "1"]
[SourceVersionDate "2006.11.23"]
[SourceQuality "1"]

1. d4 Nf6 2. c4 e6 3. Nc3 Be7 4. e4 d6 5. Nf3 Bd7 6. g3 h6 7. Bg2 c6 8. 0-0 Na6 9. a3 c5 10. e5 dxe5 11. Nxe5 Qc7 12. Nb5 Qb6 13. dxc5 Bxc5 14. b4 Be7 15. Be3 Qd8 16. Bxb7 Bxb5 17. cxb5 Nc7 18. Bxa8 Qxa8 19. Nc6 Nfd5 20. Nxe7 Nxe3 21. fxe3 Kxe7 22. Qf3 Qxf3 23. Rxf3 Nxb5 24. a4 Nc3 25. Ra3 Nd5 26. b5 Rc8 27. e4 Nf6 28. Rfc3 Kd7 29. Rxc8 Kxc8 30. Rc3+ Kd7 31. Rc6 Nxe4 32. Ra6 Nd6 33. Rxa7+ Kc8 34. b6 e5 35. a5 e4 36. a6 Nb5 37. Rxf7 1-0